Náš zákazník je náš pán, žiadny spotrebiteľ

Míľniky obchodných domov a centier na Slovensku. Zaujímavosti o obchodných domoch Prior.

Enregistré dans:
Détails bibliographiques
Format: Chapitre de livre
Langue:slovaque
Sujets:
Tags: Ajouter un tag
Pas de tags, Soyez le premier à ajouter un tag!

MARC

LEADER 00000naa a2200000 4500
001 0196518
005 20231208070310.8
041 0 |a slo 
044 |a SK 
245 1 0 |a Náš zákazník je náš pán, žiadny spotrebiteľ 
520 |a Míľniky obchodných domov a centier na Slovensku. Zaujímavosti o obchodných domoch Prior. 
610 2 0 |a maloobchod 
610 2 0 |a centrá obchodné 
610 2 0 |a história 
610 2 0 |a Slovensko